[Event "Copenhagen Ch "]
[Site "Copenhagen"]
[Date "2001.01.19"]
[Round "1.1"]
[White "El Kher, Henrik"]
[Black "Jakobsen, Ole"]
[Result "0-1"]
[WhiteElo "2372"]
[BlackElo "2399"]
[PlyCount "68"]
[EventDate "2001.??.??"]
[EventType "k.o."]
[EventCountry "DEN"]

{Da Henrik El-kher udforte forste trak havde han 9 minutter og 32 sekunder til
de forste 40 trak, + de 30 sekunder han far tillagt for hver udfort trak.} 1.
e4 g6 2. d4 d6 3. Nc3 Bg7 4. f4 c6 5. Nf3 Bg4 6. Be2 Qb6 7. e5 Nh6 8. Ne4 Nf5
9. c3 O-O 10. Qb3 Nd7 11. O-O d5 12. Nf2 Bxf3 13. Bxf3 h5 14. Qc2 e6 15. b4 a5
16. bxa5 Rxa5 17. Bd2 Rfa8 18. Rfb1 Qa7 19. Rb2 Ra3 20. Be2 b5 21. Bd3 Nb6 22.
Kf1 Qa4 23. Nd1 Qxc2 24. Rxc2 Nc4 25. Bxc4 dxc4 26. Ke2 b4 27. Rb1 Bf8 28. Rbb2
Rd8 29. Be3 c5 30. Bf2 cxd4 31. cxd4 Nxd4+ 32. Bxd4 Rxd4 33. g3 c3 34. Rb1 Rd5
0-1

[Event "Copenhagen Ch "]
[Site "Copenhagen"]
[Date "2001.01.19"]
[Round "1.2"]
[White "Jakobsen, Ole"]
[Black "El Kher, Henrik"]
[Result "0-1"]
[WhiteElo "2399"]
[BlackElo "2372"]
[PlyCount "126"]
[EventDate "2001.??.??"]
[EventType "k.o."]
[EventCountry "DEN"]

1. d4 Nf6 2. c4 Nc6 3. Nf3 e6 4. e3 Bb4+ 5. Bd2 a5 6. Nc3 d6 7. Qc2 O-O 8. Be2
e5 9. d5 Ne7 10. e4 Nd7 11. a3 Bxc3 12. Bxc3 a4 13. Nd2 Nc5 14. b4 axb3 15.
Nxb3 Na4 16. Bb4 b6 17. O-O Ng6 18. Bd2 f5 19. exf5 Bxf5 20. Bd3 Bxd3 21. Qxd3
Qh4 22. g3 Qh3 23. f3 Qf5 24. Qxf5 Rxf5 25. Bb4 Kf7 26. Nd2 Ke7 27. Rab1 Kd7
28. Ne4 Ne7 29. Rb3 h6 30. h4 Rff8 31. Rf2 Nf5 32. Rd3 Nc5 33. Bxc5 bxc5 34. f4
exf4 35. Rxf4 Nd4 36. Rxf8 Rxf8 37. Nd2 c6 38. dxc6+ Kxc6 39. Kg2 Rf7 40. a4
Ra7 41. Ra3 Re7 42. Nf3 Nc2 43. Rc3 Re2+ 44. Kh3 Nd4 45. Ra3 Nxf3 46. Rxf3 Re4
47. Rc3 Kb6 48. Rb3+ Kc6 49. Rc3 Kb6 50. Rb3+ Ka5 51. Rb7 Rxc4 52. Rxg7 d5 53.
Ra7+ Kb4 54. a5 Rc1 55. a6 Ra1 56. Rb7+ Kc3 57. a7 d4 58. Rh7 d3 59. Rxh6 d2
60. Rd6 Rxa7 61. g4 Kc2 62. Rxd2+ Kxd2 63. g5 c4 0-1

[Event "Copenhagen Ch "]
[Site "Copenhagen"]
[Date "2001.01.19"]
[Round "1.1"]
[White "Rosenlund, Thorbjorn"]
[Black "Nilssen, John Arni"]
[Result "1-0"]
[WhiteElo "2305"]
[BlackElo "2371"]
[PlyCount "83"]
[EventDate "2001.??.??"]
[EventType "k.o."]
[EventCountry "DEN"]

{Thorbjorn Rosenlund kom 20 minutter forsent.} 1. Nf3 Nf6 2. b3 e6 3. Bb2 b6 4.
g3 Bb7 5. Bg2 c5 6. O-O Be7 7. c4 O-O 8. e3 Ne4 9. d3 Bf6 10. Qe2 Bxb2 11. Qxb2
Nf6 12. Nc3 Qe7 13. Rad1 d6 14. d4 cxd4 15. exd4 d5 16. Ne5 dxc4 17. bxc4 Bxg2
18. Kxg2 Rd8 19. d5 exd5 20. Nxd5 Qb7 21. Kg1 Nbd7 22. Nxf6+ Nxf6 23. c5 Qc7
24. c6 Re8 25. f4 Rad8 26. Qb3 Rf8 27. Qc4 a6 28. Qxa6 Ne4 29. Qb7 Qc8 30. Qxc8
Rxc8 31. Rfe1 Nc3 32. Rd2 Rfe8 33. Rc1 f6 34. Rxc3 fxe5 35. fxe5 Rxe5 36. c7
Re1+ 37. Kf2 Ree8 38. Rd7 Ra8 39. a3 Rac8 40. Re3 Rf8+ 41. Ke2 Rf7 42. Ree7 1-0

[Event "Copenhagen Ch "]
[Site "Copenhagen"]
[Date "2001.01.19"]
[Round "1.2"]
[White "Nilssen, John Arni"]
[Black "Rosenlund, Thorbjorn"]
[Result "1-0"]
[WhiteElo "2371"]
[BlackElo "2305"]
[PlyCount "113"]
[EventDate "2001.??.??"]
[EventType "k.o."]
[EventCountry "DEN"]

1. d4 Nf6 2. c4 c5 3. d5 g6 4. Nc3 Bg7 5. e4 d6 6. Bg5 b5 7. cxb5 a6 8. a4 O-O
9. Nf3 Bg4 10. Be2 Qa5 11. O-O Nbd7 12. Ra3 axb5 13. axb5 Qb4 14. Rb3 Qa5 15.
Nd2 Bxe2 16. Qxe2 Nb6 17. Rb1 h6 18. Be3 Qa7 19. Ra3 Qb7 20. Ra6 Ne8 21. Nb3
Nc7 22. Na5 Qc8 23. Nc6 Qb7 24. Nxe7+ Kh7 25. Rxa8 Rxa8 26. Nc6 Na4 27. Qd3
Nxc3 28. bxc3 Nxb5 29. g3 c4 30. Qxc4 Na3 31. Rxb7 Nxc4 32. Bd4 Kg8 33. Ne7+
Kh7 34. Nc6 Kg8 35. Kg2 Re8 36. f3 Ra8 37. Bxg7 Kxg7 38. Ra7 Rxa7 39. Nxa7 f5
40. Kf2 fxe4 41. fxe4 Kf6 42. Nc6 Nd2 43. Ke3 Nf1+ 44. Kd4 Nxh2 45. e5+ dxe5+
46. Nxe5 Nf1 47. Ng4+ Ke7 48. Nxh6 Nxg3 49. Ke5 Nf1 50. Ng4 Nd2 51. d6+ Kd7 52.
Kd5 Nb3 53. Ne5+ Kd8 54. Nxg6 Na5 55. Ne5 Nb7 56. c4 Na5 57. Nc6+ 1-0

[Event "Copenhagen Ch "]
[Site "Copenhagen"]
[Date "2001.01.19"]
[Round "1.1"]
[White "Brinck Claussen, Bjorn"]
[Black "Holm, Sejer"]
[Result "1-0"]
[WhiteElo "2359"]
[BlackElo "2335"]
[PlyCount "91"]
[EventDate "2001.??.??"]
[EventType "k.o."]
[EventCountry "DEN"]

1. e4 {Bjorn Brinck-Claussen kom 16 minutter forsent, men Sejer Holm dukkede
forst op en halvtime senere.} c5 2. Nf3 Nc6 3. d4 cxd4 4. Nxd4 Nf6 5. Nc3 d6 6.
Bc4 Qb6 7. Nb3 e6 8. Be3 Qc7 9. f4 a6 10. Bd3 b5 11. Qf3 Bb7 12. O-O-O Nb4 13.
Kb1 d5 14. exd5 Nxd3 15. Rxd3 b4 16. Ne4 Nxe4 17. Qxe4 Be7 18. Qd4 Bxd5 19.
Qxg7 O-O-O 20. Rxd5 exd5 21. Qxf7 Rd7 22. g3 Qc6 23. Bd4 Rhd8 24. Qxh7 Bc5 25.
Qd3 Bxd4 26. Nxd4 Qf6 27. Re1 Rd6 28. Re5 Rh8 29. Qe2 Qd8 30. Nf5 Rb6 31. Rxd5
Qc7 32. Re5 Rd8 33. b3 Kb8 34. Re7 Qc5 35. Re8 Rxe8 36. Qxe8+ Ka7 37. Qd7+ Ka8
38. Qd3 Rc6 39. h4 Qg1+ 40. Kb2 Qe1 41. h5 Qe6 42. g4 Rc3 43. Qd8+ Rc8 44. Qd6
Qe2 45. Nd4 Qd2 46. Qd5+ 1-0

[Event "Copenhagen Ch "]
[Site "Copenhagen"]
[Date "2001.01.19"]
[Round "1.2"]
[White "Holm, Sejer"]
[Black "Brinck Claussen, Bjorn"]
[Result "0-1"]
[WhiteElo "2335"]
[BlackElo "2359"]
[PlyCount "116"]
[EventDate "2001.??.??"]
[EventType "k.o."]
[EventCountry "DEN"]

1. d4 d5 2. c4 c6 3. Nf3 Nf6 4. Nc3 e6 5. e3 Nbd7 6. Bd3 dxc4 7. Bxc4 b5 8. Bd3
a6 9. O-O c5 10. Qe2 Bb7 11. Rd1 Qc7 12. h3 Be7 13. Bd2 O-O 14. Rac1 Qb6 15.
Be1 Rfd8 16. Bb1 Nf8 17. dxc5 Bxc5 18. Nd2 Be7 19. f3 Ng6 20. Bf2 Rac8 21. Nb3
Rxd1+ 22. Qxd1 Qd8 23. Qf1 Ne5 24. Rd1 Qc7 25. Rc1 Nc4 26. Qe2 Qd6 27. Nd4 Qb4
$11 28. Nd1 Nb6 29. Rxc8+ Nxc8 30. e4 Nd7 31. a3 Qd6 32. Qc2 g6 33. Nc3 Ncb6
34. Ba2 Bf6 35. Nce2 Be5 36. b4 Qc7 37. Qd3 Bd6 38. Qe3 Nc4 39. Qg5 Ndb6 40.
Bh4 Be5 41. Qc1 Na4 42. Bf2 Bc8 43. f4 Bg7 44. e5 Bb7 45. Ng3 Bh6 46. Bb1 Qb8
47. Nge2 Qd8 48. Ba2 Nxe5 49. Nxe6 fxe6 50. Qe3 Qd1+ 51. Kh2 Qf1 52. Bxe6+ Kf8
53. Qg3 Nd3 54. f5 Nf4 55. fxg6 Qxg2+ 56. Qxg2 Nxg2 57. gxh7 Kg7 58. Bd4+ Kxh7
{Tid/Time} 0-1

[Event "Copenhagen Ch "]
[Site "Copenhagen"]
[Date "2001.01.19"]
[Round "1.1"]
[White "Larsen, Karsten"]
[Black "Sorensen, Torben N"]
[Result "1-0"]
[WhiteElo "2304"]
[BlackElo "2340"]
[PlyCount "75"]
[EventDate "2001.??.??"]
[EventType "k.o."]
[EventCountry "DEN"]

{Karsten Larsen kom 32 minutter forsent.} 1. e4 c5 2. Nf3 g6 3. g3 Bg7 4. Bg2
Nc6 5. O-O e6 6. c3 d5 7. exd5 exd5 8. d4 cxd4 9. Nxd4 Nge7 10. Re1 h6 11. Nxc6
bxc6 12. Be3 O-O 13. Bd4 Bxd4 14. Qxd4 Nf5 15. Qf4 Qb6 16. b3 a5 17. Nd2 a4 18.
b4 Be6 19. Nf3 c5 20. g4 g5 21. Qd2 Ng7 22. Ne5 Rfd8 23. h3 Rac8 24. Rac1 d4
25. bxc5 Rxc5 26. cxd4 Rxc1 27. Qxc1 Rxd4 28. Qe3 Qd6 29. Nc6 Rd1 30. Bf3 Rd3
31. Qe2 Rxf3 $4 32. Qxf3 Bxa2 33. Ne7+ Kf8 34. Qa8+ Ne8 35. Qxa4 Be6 36. Nf5
Qd2 37. Qa1 Bxf5 38. Qh8# 1-0

[Event "Copenhagen Ch "]
[Site "Copenhagen"]
[Date "2001.01.19"]
[Round "1.2"]
[White "Sorensen, Torben N"]
[Black "Larsen, Karsten"]
[Result "0-1"]
[WhiteElo "2340"]
[BlackElo "2304"]
[PlyCount "79"]
[EventDate "2001.??.??"]
[EventType "k.o."]
[EventCountry "DEN"]

1. Nf3 Nf6 2. c4 g6 3. g3 Bg7 4. Bg2 O-O 5. O-O d6 6. Nc3 e5 7. d3 Nc6 8. Rb1
h6 9. b4 Bg4 10. b5 Ne7 11. c5 Nd7 12. cxd6 cxd6 13. Nd2 Rc8 14. Nd5 Nc5 15.
Nc4 Be6 16. Nce3 b6 17. Bb2 f5 18. d4 Nd7 19. dxe5 dxe5 20. Qd2 Nc5 21. Rfd1
Kh7 22. Qb4 Nxd5 23. Bxd5 Qe7 24. Bxe6 Qxe6 25. Qc4 Qe7 26. Rbc1 Qg5 27. Ng2
Qe7 28. Ba3 Rfd8 29. Rxd8 Qxd8 30. Ne3 Qg5 31. Qf7 f4 32. Ng2 fxg3 33. hxg3 Rf8
34. Qxa7 Qh5 35. Qxb6 Na4 36. Qa7 Rg8 37. Qxa4 Qxe2 38. Qc4 Qf3 39. Bc5 Rc8 40.
Qb3 0-1

[Event "Copenhagen Ch "]
[Site "Copenhagen"]
[Date "2001.01.21"]
[Round "1.4"]
[White "Larsen, Karsten"]
[Black "Sorensen, Torben N"]
[Result "0-1"]
[WhiteElo "2304"]
[BlackElo "2340"]
[PlyCount "94"]
[EventDate "2001.??.??"]
[EventType "k.o."]
[EventCountry "DEN"]

{Karsten Larsen kom 32 minutter forsent.} 1. e4 e5 2. Nf3 Nc6 3. d4 exd4 4.
Nxd4 Nxd4 5. Qxd4 Qf6 6. Qc4 Qc6 7. Qxc6 bxc6 8. Be3 Nf6 9. Nd2 Be7 10. f3 O-O
11. O-O-O d5 12. e5 Nd7 13. Bf4 Nc5 14. Nb3 Ne6 15. Be3 a5 16. a4 f6 17. exf6
Bxf6 18. Bd3 Be7 19. Rhe1 Bd6 20. Nd4 Nxd4 21. Bxd4 Bf5 22. h3 Bxd3 23. Rxd3
Rfe8 24. Rxe8+ Rxe8 25. Kd1 c5 26. Bc3 c6 27. b3 Bc7 28. Rd2 Kf7 29. Re2 Rb8
30. Bxg7 c4 31. Be5 cxb3 32. cxb3 Bxe5 33. Rxe5 Rxb3 34. Rf5+ Kg6 35. Re5 Kf6
36. Re8 c5 37. Rc8 c4 38. Rc5 Ke5 39. Rxa5 Kd4 40. f4 Rg3 41. Rb5 Rxg2 42. a5
Rf2 43. a6 Ra2 44. Rb6 Kd3 45. Ke1 c3 46. f5 c2 47. Rc6 Rxa6 0-1

[Event "Copenhagen Ch "]
[Site "Copenhagen"]
[Date "2001.01.21"]
[Round "1.3"]
[White "Nilssen, John Arni"]
[Black "Rosenlund, Thorbjorn"]
[Result "1-0"]
[WhiteElo "2371"]
[BlackElo "2305"]
[PlyCount "49"]
[EventDate "2001.??.??"]
[EventType "k.o."]
[EventCountry "DEN"]

{Hurtigskak 25 min. + 10 sekunder pr. trak.} 1. d4 d5 2. c4 e6 3. Nf3 c6 4. e3
Nf6 5. Nc3 Nbd7 6. Bd3 dxc4 7. Bxc4 b5 8. Be2 Bb7 9. e4 b4 10. e5 bxc3 11. exf6
cxb2 12. fxg7 bxa1=Q 13. gxh8=Q Qa5+ 14. Nd2 Qf5 15. O-O O-O-O 16. Nc4 Be7 17.
Qg7 c5 18. Na5 Nb6 19. Nxb7 Kxb7 20. Bf3+ Kb8 21. Bf4+ Qxf4 22. Qxa1 Bd6 23.
Qxh7 cxd4 24. Qc1 Qf6 25. Qc6 1-0

[Event "Copenhagen Ch "]
[Site "Copenhagen"]
[Date "2001.01.21"]
[Round "1.3"]
[White "El Kher, Henrik"]
[Black "Jakobsen, Ole"]
[Result "1/2-1/2"]
[WhiteElo "2372"]
[BlackElo "2399"]
[PlyCount "81"]
[EventDate "2001.??.??"]
[EventType "k.o."]
[EventCountry "DEN"]

{Hurtigskak 25 min. + 10 sekunder pr. trak.} 1. Nf3 d6 2. g3 g6 3. Bg2 Bg7 4.
O-O e5 5. e4 Nc6 6. c3 Nf6 7. d3 O-O 8. Nbd2 Ne8 9. Nc4 f5 10. Bg5 Qd7 11. exf5
gxf5 12. d4 Qf7 13. b3 h6 14. Bc1 e4 15. Ne1 d5 16. Ne3 Nf6 17. f4 Be6 18. a4
h5 19. Ba3 Rfe8 20. h4 Qg6 21. Kh2 Kh7 22. N1c2 Rg8 23. Qe1 Bf8 24. Bxf8 Raxf8
25. Bh3 Ne7 26. Rg1 Rg7 27. Qf2 Rfg8 28. Rg2 Qe8 29. Qe2 Qd7 30. Nf1 Ng6 31.
Nce3 Nh8 32. Kg1 Nf7 33. Kf2 Nh6 34. Ra2 Qd6 35. b4 Bd7 36. Kg1 b6 37. a5 b5
38. Kh2 c6 39. Qd1 Qe7 40. Raf2 Qe8 41. Rg1 1/2-1/2

[Event "Copenhagen Ch "]
[Site "Copenhagen"]
[Date "2001.01.21"]
[Round "1.4"]
[White "Jakobsen, Ole"]
[Black "El Kher, Henrik"]
[Result "0-1"]
[WhiteElo "2399"]
[BlackElo "2372"]
[PlyCount "130"]
[EventDate "2001.??.??"]
[EventType "k.o."]
[EventCountry "DEN"]

{Hurtigskak 25 min. + 10 sekunder pr. trak.} 1. d4 f5 2. g3 e6 3. Nf3 Nf6 4.
Bg2 d5 5. O-O Bd6 6. c4 c6 7. b3 Qe7 8. a4 a5 9. Ba3 Bxa3 10. Nxa3 O-O 11. Nc2
b6 12. Nce1 Bb7 13. Nd3 Na6 14. e3 Rac8 15. Nfe5 Rfd8 16. cxd5 cxd5 17. Qe2 Nb4
18. Rfc1 Ba6 19. Qd2 Bxd3 20. Nxd3 Kf8 21. Ne5 Nd7 22. Nxd7+ Qxd7 23. Bf1 h6
24. Bb5 Qb7 25. g4 Qf7 26. Rxc8 Rxc8 27. Rc1 Rb8 28. gxf5 Qxf5 29. Qe2 Kg8 30.
f4 Kh8 31. Qf3 Rg8 32. Bd7 Qf7 33. Bc8 g5 34. f5 exf5 35. Qxf5 Qxf5 36. Bxf5
Re8 37. Rc8 Rxc8 38. Bxc8 Kg7 39. Bf5 Kf6 40. Bb1 g4 41. Kf2 Kg5 42. Kg3 h5 43.
h4+ gxh3 44. Kxh3 h4 45. Bh7 Na2 46. Bg8 Nc3 47. Be6 Nd1 48. Bxd5 Nxe3 49. Bg8
Kf4 50. Kxh4 Nf5+ 51. Kh5 Nxd4 52. Kg6 Ke5 53. Bc4 Nf3 54. Kf7 Nd2 55. Be6 Kd6
56. Kf6 Kc5 57. Ke7 Kb4 58. Kd6 Nxb3 59. Kc7 Nc5 60. Bg4 Nxa4 61. Kc6 b5 62.
Kd5 Nb2 63. Kd4 a4 64. Ke3 a3 65. Be6 Nc4+ 0-1

[Event "Copenhagen Ch "]
[Site "Copenhagen"]
[Date "2001.01.21"]
[Round "1.4"]
[White "Rosenlund, Thorbjorn"]
[Black "Nilssen, John Arni"]
[Result "0-1"]
[WhiteElo "2305"]
[BlackElo "2371"]
[PlyCount "42"]
[EventDate "2001.??.??"]
[EventType "k.o."]
[EventCountry "DEN"]

{Hurtigskak 25 min. + 10 sekunder pr. trak.} 1. Nf3 c5 2. b3 Nf6 3. Bb2 e6 4.
e3 b6 5. d4 Bb7 6. Bd3 Be7 7. Nbd2 d5 8. Ne5 O-O 9. Qf3 Nc6 10. a3 Rc8 11. Qh3
h6 12. f4 Nxe5 13. dxe5 Ne4 14. Bxe4 dxe4 15. Rd1 Qc7 16. O-O Rcd8 17. Qg4 b5
18. f5 exf5 19. Qxf5 Bg5 20. Nxe4 Rxd1 21. Rxd1 Qc6 0-1

[Event "Copenhagen Ch "]
[Site "Copenhagen"]
[Date "2001.01.21"]
[Round "1.3"]
[White "Sorensen, Torben N"]
[Black "Larsen, Karsten"]
[Result "1-0"]
[WhiteElo "2340"]
[BlackElo "2304"]
[PlyCount "133"]
[EventDate "2001.??.??"]
[EventType "k.o."]
[EventCountry "DEN"]

{Hurtigskak 25 min. + 10 sekunder pr. trak.} 1. Nf3 Nf6 2. c4 g6 3. g3 Bg7 4.
Bg2 O-O 5. Nc3 d6 6. O-O e5 7. d3 Nc6 8. Bg5 h6 9. Bxf6 Bxf6 10. Rb1 a5 11. a3
Bg7 12. b4 axb4 13. axb4 Ne7 14. b5 Be6 15. Qb3 d5 16. cxd5 Nxd5 17. Nxd5 Bxd5
18. Qb4 Qd7 19. Rfc1 Ra2 20. Nd2 Bxg2 21. Kxg2 Rfa8 22. Rb2 R8a4 23. Qb3 R2a3
24. Qc2 e4 25. Rb3 Ra2 26. Qd1 exd3 27. Rxd3 Qxb5 28. Rxc7 Rd4 29. Rxd4 Bxd4
30. Qb3 Qxb3 31. Nxb3 Bf6 32. e3 Kg7 33. Rxb7 Rb2 34. Nc5 Rxb7 35. Nxb7 Be7 36.
Na5 Bd8 37. Nc6 Bc7 38. g4 Kf6 39. f4 Bd6 40. h3 Ba3 41. Kf3 Bb2 42. Ke4 Bc1
43. Ne5 Bb2 44. Nd3 Ba1 45. Kd5 Ke7 46. e4 Bc3 47. h4 h5 48. gxh5 gxh5 49. e5
Kf8 50. Ke4 Kg7 51. Kf5 f6 52. e6 Bd4 53. Ke4 Ba7 54. f5 Kf8 55. Kf3 Bb8 56.
Nf4 Bxf4 57. Kxf4 Ke7 58. Ke3 Kd6 59. Kd4 Kc6 60. Kc4 Kd6 61. Kb5 Ke7 62. Kc6
Ke8 63. e7 Kxe7 64. Kc7 Ke8 65. Kd6 Kf7 66. Kd7 Kf8 67. Ke6 1-0

[Event "Copenhagen Ch "]
[Site "Copenhagen"]
[Date "2001.01.27"]
[Round "2.1"]
[White "Nilssen, John Arni"]
[Black "Brinck Claussen, Bjorn"]
[Result "1-0"]
[WhiteElo "2371"]
[BlackElo "2359"]
[PlyCount "58"]
[EventDate "2001.??.??"]
[EventType "k.o."]
[EventCountry "DEN"]

1. d4 d5 2. c4 c6 3. Nc3 Nf6 4. e3 e6 5. Nf3 Nbd7 6. Bd3 dxc4 7. Bxc4 b5 8. Be2
Bb7 9. O-O Be7 10. e4 b4 11. e5 bxc3 12. exf6 Bxf6 13. bxc3 O-O 14. Rb1 Qc8 15.
Ng5 c5 16. Qd3 Bxg5 17. Bxg5 cxd4 18. Qxd4 e5 19. Qb4 Rb8 20. Qg4 Nb6 21. Be7
Re8 22. Bd6 Ra8 23. c4 Re6 24. c5 Nd7 25. Qh3 Rh6 26. Qe3 Ba6 27. Bxa6 Qxa6 28.
Qe4 Rf8 29. Qb7 Qd3 1-0

[Event "Copenhagen Ch "]
[Site "Copenhagen"]
[Date "2001.01.27"]
[Round "2.2"]
[White "Brinck Claussen, Bjorn"]
[Black "Nilssen, John Arni"]
[Result "1-0"]
[WhiteElo "2359"]
[BlackElo "2371"]
[PlyCount "81"]
[EventDate "2001.??.??"]
[EventType "k.o."]
[EventCountry "DEN"]

1. e4 c5 2. Nf3 Nc6 3. d4 cxd4 4. Nxd4 e5 5. Nb5 d6 6. c4 Be7 7. N1c3 a6 8. Na3
Be6 9. Nc2 Rc8 10. b3 Nf6 11. Bd3 O-O 12. Nd5 b5 13. Nce3 bxc4 14. bxc4 Nd7 15.
O-O Nc5 16. Nf5 Bxf5 17. exf5 e4 18. Bc2 Bf6 19. Rb1 Ne5 20. Bb2 Re8 21. Re1
Bh4 22. f6 Bxf6 23. Bxe4 Nxe4 24. Rxe4 Rb8 25. Bc3 Rxb1 26. Qxb1 Re6 27. Qb7
Nd7 28. Bxf6 Rxe4 29. f3 Qa5 30. Qc8+ Nf8 31. Bc3 Qxa2 32. fxe4 Qb1+ 33. Kf2
Qxe4 34. h3 h5 35. Qxa6 Qe6 36. Qa8 h4 37. Qc8 Qe4 38. Qg4 Qc2+ 39. Kg1 Ng6 40.
Ne7+ Kh7 41. Qh5# 1-0

[Event "Copenhagen Ch "]
[Site "Copenhagen"]
[Date "2001.01.27"]
[Round "2.1"]
[White "El Kher, Henrik"]
[Black "Sorensen, Torben N"]
[Result "1/2-1/2"]
[WhiteElo "2372"]
[BlackElo "2340"]
[PlyCount "27"]
[EventDate "2001.??.??"]
[EventType "k.o."]
[EventCountry "DEN"]

1. Nf3 c5 2. g3 Nc6 3. Bg2 g6 4. O-O Bg7 5. d3 d6 6. c4 Nf6 7. Nc3 O-O 8. a3 a6
9. Rb1 Rb8 10. b4 cxb4 11. axb4 b5 12. cxb5 axb5 13. Bg5 h6 14. Bd2 $11 1/2-1/2

[Event "Copenhagen Ch "]
[Site "Copenhagen"]
[Date "2001.01.27"]
[Round "2.2"]
[White "Sorensen, Torben N"]
[Black "El Kher, Henrik"]
[Result "1/2-1/2"]
[WhiteElo "2340"]
[BlackElo "2372"]
[PlyCount "73"]
[EventDate "2001.??.??"]
[EventType "k.o."]
[EventCountry "DEN"]

1. Nf3 d5 2. d4 e6 3. g3 f5 4. Bg2 Nf6 5. O-O Bd6 6. Nbd2 O-O 7. Ne1 Bd7 8. c4
c6 9. Qb3 b6 10. Nd3 Be8 11. Nf3 Bh5 12. Re1 Qe7 13. Bf4 Nbd7 14. Rac1 Rfc8 15.
Rc2 Bxf4 16. Nxf4 Bf7 17. cxd5 cxd5 18. Rec1 Qd8 19. Nd3 Ne4 20. Nfe5 Nd6 21.
e3 Nxe5 22. Nxe5 Rxc2 23. Rxc2 Rc8 24. Bf1 Be8 25. Bd3 Rxc2 26. Qxc2 Qc8 27.
Qxc8 Nxc8 28. Kf1 Nd6 29. Ke2 Nf7 30. Nf3 Kf8 31. h4 Ke7 32. Kd2 Kd6 33. Kc3 h6
34. Ba6 Kc7 35. Ne5 Nxe5 36. dxe5 Bh5 37. b4 $11 1/2-1/2

[Event "Copenhagen Ch "]
[Site "Copenhagen"]
[Date "2001.01.28"]
[Round "2.3"]
[White "Brinck Claussen, Bjorn"]
[Black "Nilssen, John Arni"]
[Result "1-0"]
[WhiteElo "2359"]
[BlackElo "2371"]
[PlyCount "65"]
[EventDate "2001.??.??"]
[EventType "k.o."]
[EventCountry "DEN"]

{Hurtigskak 25. min + 10 sek. pr trak} 1. e4 c5 2. Nf3 Nc6 3. d4 cxd4 4. Nxd4
e5 5. Nb5 d6 6. c4 Be7 7. N1c3 a6 8. Na3 Be6 9. Nc2 Rc8 10. b3 Nf6 11. Bd3 O-O
12. Bb2 Nd7 13. Ne3 b5 14. Ncd5 bxc4 15. Bxc4 a5 16. O-O Nc5 17. Qf3 g6 18.
Rad1 Bg5 19. Nc2 Bh6 20. Nde3 Bg7 21. Rd2 Bh6 22. Rfd1 Bxc4 23. Rxd6 Qh4 24.
Nxc4 Nxe4 25. g3 Ng5 26. Qxc6 Nh3+ 27. Kf1 Qg4 28. N2e3 Qh5 29. Qd5 Bg7 30.
Bxe5 Bxe5 31. Nxe5 Ng5 32. h4 Ne6 33. Nd7 1-0

[Event "Copenhagen Ch "]
[Site "Copenhagen"]
[Date "2001.01.28"]
[Round "2.4"]
[White "Nilssen, John Arni"]
[Black "Brinck Claussen, Bjorn"]
[Result "1/2-1/2"]
[WhiteElo "2371"]
[BlackElo "2359"]
[PlyCount "100"]
[EventDate "2001.??.??"]
[EventType "k.o."]
[EventCountry "DEN"]

{Hurtigskak 25 minutter + 10 sekunder pr. trak} 1. d4 d5 2. c4 c6 3. Nc3 Nf6 4.
e3 e6 5. Nf3 Nbd7 6. Bd3 dxc4 7. Bxc4 b5 8. Be2 Bb7 9. O-O Be7 10. e4 b4 11. e5
bxc3 12. exf6 Nxf6 13. bxc3 O-O 14. Rb1 Qc7 15. Bf4 Qxf4 16. Rxb7 Nd5 17. Qc2
Qd6 18. Nd2 Rfb8 19. Ne4 Qd8 20. Rb3 Rb6 21. Nd2 c5 22. dxc5 Bxc5 23. Nc4 Rxb3
24. axb3 Qf6 25. Bf3 Rc8 26. Rc1 g6 27. Nd2 Nxc3 28. Nc4 Nb5 29. Bb7 Rc7 30.
Be4 Nd4 31. Qa2 Qf4 32. Re1 Bb4 33. g3 Nf3+ 34. Bxf3 Qxf3 35. Rf1 h5 36. Qa4
Bf8 37. Ne3 Rb7 38. Qc4 Rb4 39. Qc3 Qb7 40. Rb1 Bg7 41. Qd3 Rd4 42. Qc2 Qd7 43.
b4 Rd2 44. Qe4 Bd4 45. Qa8+ Kg7 46. Qf3 Bxe3 47. fxe3 Qd5 48. Qxd5 Rxd5 49. Ra1
Rb5 50. Rxa7 Rxb4 1/2-1/2

[Event "Copenhagen Ch "]
[Site "Copenhagen"]
[Date "2001.01.28"]
[Round "2.3"]
[White "Sorensen, Torben N"]
[Black "El Kher, Henrik"]
[Result "0-1"]
[WhiteElo "2340"]
[BlackElo "2372"]
[PlyCount "58"]
[EventDate "2001.??.??"]
[EventType "k.o."]
[EventCountry "DEN"]

{Hurtigskak 25. min. + 10 sek. pr trak} 1. Nf3 d5 2. d4 e6 3. g3 f5 4. Bg2 Nf6
5. O-O Bd6 6. Nbd2 O-O 7. Ne1 Nbd7 8. Ndf3 b6 9. Nd3 Bb7 10. b3 Qe7 11. Bb2
Rfd8 12. e3 Rac8 13. Qe2 c5 14. dxc5 bxc5 15. Nde5 Nxe5 16. Bxe5 c4 17. Rfd1
Ne4 18. Qe1 cxb3 19. axb3 Bb4 20. Qe2 a5 21. Ne1 Bc3 22. Bxe4 Bxe5 23. Bg2 Bxa1
24. Rxa1 Qb4 25. Ra2 Rd6 26. Nd3 Qc3 27. Nf4 e5 28. Nh3 Ba6 29. Qd1 d4 0-1

[Event "Copenhagen Ch "]
[Site "Copenhagen"]
[Date "2001.01.28"]
[Round "2.4"]
[White "El Kher, Henrik"]
[Black "Sorensen, Torben N"]
[Result "1-0"]
[WhiteElo "2372"]
[BlackElo "2340"]
[PlyCount "50"]
[EventDate "2001.??.??"]
[EventType "k.o."]
[EventCountry "DEN"]

{Hurtigskak 25 min. + 10. sek pr. trak} 1. d4 g6 2. Nf3 Bg7 3. g3 c5 4. Bg2
cxd4 5. Nxd4 Nc6 6. Nxc6 bxc6 7. O-O Rb8 8. c3 Qa5 9. Nd2 Nf6 10. Nb3 Qb5 11.
Bf4 d6 12. Nd4 Qxb2 13. Nxc6 Rb6 14. Bxd6 Bd7 15. Rb1 Qxa2 16. Rxb6 axb6 17.
Bxe7 Qe6 18. Qd6 Qxd6 19. Bxd6 Bg4 20. Ne5 Bf8 21. Bc6+ Bd7 22. Nxd7 Nxd7 23.
Be5 f6 24. Rd1 fxe5 25. Rxd7 Bc5 1-0

[Event "Copenhagen Ch "]
[Site "Copenhagen"]
[Date "2001.02.09"]
[Round "3.1"]
[White "Brinck Claussen, Bjorn"]
[Black "El Kher, Henrik"]
[Result "1/2-1/2"]
[WhiteElo "2359"]
[BlackElo "2372"]
[PlyCount "34"]
[EventDate "2001.??.??"]
[EventType "k.o."]
[EventCountry "DEN"]

1. e4 c5 2. Nf3 Nc6 3. d4 cxd4 4. Nxd4 Nf6 5. Nc3 e5 6. Ndb5 d6 7. Bg5 a6 8.
Na3 b5 9. Nd5 Be7 10. Bxf6 Bxf6 11. c3 Bg5 12. Nc2 Rb8 13. Be2 O-O 14. O-O a5
15. a3 Ne7 16. Nxe7+ $11 Qxe7 17. b4 Bb7 $11 1/2-1/2

[Event "Copenhagen Ch "]
[Site "Copenhagen"]
[Date "2001.02.09"]
[Round "3.2"]
[White "El Kher, Henrik"]
[Black "Brinck Claussen, Bjorn"]
[Result "1/2-1/2"]
[WhiteElo "2372"]
[BlackElo "2359"]
[PlyCount "25"]
[EventDate "2001.??.??"]
[EventType "k.o."]
[EventCountry "DEN"]

1. d4 d5 2. Bg5 Nf6 3. Bxf6 exf6 4. e3 c6 5. c4 dxc4 6. Bxc4 Bd6 7. Nc3 f5 8.
Qf3 O-O 9. Nge2 Nd7 10. Bd3 g6 11. h3 Nf6 12. O-O-O Kg7 13. Rhg1 $11 1/2-1/2

[Event "Copenhagen Ch "]
[Site "Copenhagen"]
[Date "2001.02.10"]
[Round "3.3"]
[White "El Kher, Henrik"]
[Black "Brinck Claussen, Bjorn"]
[Result "0-1"]
[WhiteElo "2372"]
[BlackElo "2359"]
[PlyCount "144"]
[EventDate "2001.??.??"]
[EventType "k.o."]
[EventCountry "DEN"]

1. e4 e6 2. d4 d5 3. Nd2 c5 4. exd5 exd5 5. Bb5+ Nc6 6. Ne2 Bd6 7. dxc5 Bxc5 8.
O-O Nf6 9. Nb3 Bd6 10. Ned4 O-O 11. Bg5 Ne5 12. f3 h6 13. Be3 Nc4 14. Bxc4 dxc4
15. Nd2 c3 16. bxc3 Qc7 17. h3 Nd5 18. Bf2 Nxc3 19. Qe1 Bd7 20. Ne4 Nxe4 21.
Qxe4 Rfe8 22. Qd3 Qc5 23. Rfe1 Qg5 24. Kf1 Bg3 25. Bxg3 Qxg3 26. Qd2 Qh2 27.
Qf2 Rac8 28. Rxe8+ Rxe8 29. Qg1 Qc7 30. Qf2 Qc3 31. Rd1 Qc4+ 32. Kg1 Qxa2 33.
Nb3 Bf5 34. Ra1 Qb2 35. Rxa7 Bxc2 36. Nd4 Qb1+ 37. Kh2 Bd3 38. Ra3 Bc4 39. f4 {
her har hvid 1 min. 12 sec.} Qb4 {Her har sort 4.00 min.} 40. Rg3 g6 41. Nf5
Kh7 42. Qd4 Qf8 43. Qxc4 gxf5 44. Qd5 Re6 45. Qxf5+ Kh8 46. Qd5 b6 47. f5 Rd6
48. Qe5+ f6 49. Qf4 Rd7 50. Rg6 Kh7 51. Rg3 Qd6 52. Qg4 Qf8 53. Qg6+ Kh8 54.
Re3 Qd6+ 55. Rg3 Qf8 56. h4 b5 57. Re3 Rg7 58. Qxh6+ Kg8 59. Qf4 Qa8 60. Re2
Qc8 61. Re3 Qc6 62. Rg3 Qc4 63. Qb8+ Kh7 64. Rxg7+ Kxg7 65. Qg3+ Kh8 66. h5 b4
67. Qb8+ Kh7 68. Qg3 Qf7 69. Qg4 b3 70. Qg6+ Qxg6 71. fxg6+ Kh6 72. Kg3 b2 0-1